Light of My Eyes = Luce dei miei occhi /

El sexto largometraje dirigido por el italiano Giuseppe Piccioni, conocido en México por su precedente Fuera del mundo (Fuori dal mondo, 1999), tiene como protagonistas a un chofer desarraigado en Roma, quien se relaciona únicamente con los solitarios héroes de la literatura de ciencia-ficción con l...

Descripción completa

Guardado en:
Detalles Bibliográficos
Autor principal: Piccioni, Giuseppe (realización)
Otros autores: Lo Cascio, Luigi (actuación) (actuación), Ceccarelli, Sandra (actuación) (actuación), Orlando, Silvio (actuación) (actuación)
Formato: Audiovisual
Idioma:Italiano
Colección:(Film Movement. Año 1 ; 5)
Temas:
Etiquetas: Agrega una etiqueta
Sin etiquetas, Sé el primero en etiquetar este registro!

MARC

LEADER 00000ngm^a2200000^a^4500
001 000289353
005 20250521000000.0
009 20260310111936.74
037 |a Acervo ITESO - Biblioteca 
041 |a ITA 
082 |a 850.  |b PIC 
100 |a Piccioni, Giuseppe  |e (realización) 
245 1 0 |a Light of My Eyes =  |b Luce dei miei occhi /  |c Realización de G. Piccioni. 
264 2 |a Nueva York, EUA :  |b Film Movement [distribución],  |c 2006, c2006 
300 |a 1 DVD región 1  |c (114 min.) 
336 |a imagen móvil bidimensional  |b tdi  |2 rdacontenido 
337 |a video  |b v  |2 rdamedio 
338 |a videodisco  |b vd  |2 rdasoporte 
440 1 |a (Film Movement.  |p Año 1 ;  |v 5) 
520 |a El sexto largometraje dirigido por el italiano Giuseppe Piccioni, conocido en México por su precedente Fuera del mundo (Fuori dal mondo, 1999), tiene como protagonistas a un chofer desarraigado en Roma, quien se relaciona únicamente con los solitarios héroes de la literatura de ciencia-ficción con los que creció, y a una atribulada mujer que lucha por mantener a su hija y preservar su negocio. El azar les lleva a toparse, durante una de las noches que el chofer conduce sin rumbo fijo, y el lector de ciencia-ficción se las arregla para entrar en las vidas de madre e hija y calmar sus sufrimientos, incluso a costa de poner en riesgo su empleo, pero la mujer permanece indiferente a todas sus muestras de amor. Un relato sobre el encuentro de dos soledades, que evoca la belleza y precariedad de la existencia. Como todos los largometrajes distribuidos en DVD en la colección Film Movement, el disco incluye un cortometraje: en este caso Dreamscapes (2003), producción norteamericana de animación dirigida por Sean McBride. 
546 |a En italiano, con subtítulos opcionales: inglés 
649 |a XX 
650 |a Melodramas 
650 |a Dramas Cinematográficos 
650 |a Cine Italiano -  |y 2000-2009 
650 |a Cine Italiano -  |y Siglo XXI 
650 |a Amor 
650 |a Soledad 
700 |a Lo Cascio, Luigi  |e (actuación) 
700 |a Ceccarelli, Sandra  |e (actuación) 
700 |a Orlando, Silvio  |e (actuación) 
910 |a Fondo General 
920 |a Audiovisuales - DVDs 
940 |a Películas 
905 |a 302 
901 |a 0500164638  |b IT2  |c DVS  |u 20250521 
902 |a https://opac.biblio.iteso.mx/vufind/Record/000289353